| 000 | 00551nam a22001817a 4500 | ||
|---|---|---|---|
| 999 |
_c14910 _d14910 |
||
| 003 | AR-CdUCM | ||
| 008 | 190425b ||||| |||| 00| 0 spa d | ||
| 020 | _a978-958-8249-09-4 | ||
| 040 |
_aMUNICIPALIDAD PROVINCIAL DEL CUSCO _cBIBLIOTECA MUNICIPAL DEL CUSCO |
||
| 082 |
_aPI / 803 / _bI83 |
||
| 110 |
_aIsol _933776 |
||
| 245 | _aEl globo / | ||
| 260 |
_aBogotá : _bFondo de cultura económica, _c2016. |
||
| 300 |
_a20 páginas ; _bIlustraciones, _c17 cm. |
||
| 650 |
_aLiteratura infantil _9588 |
||
| 942 |
_2ddc _cLIBROS |
||
| 945 |
_aacv _d2019-04-25 |
||